Movies Quiz

Random Movies or Disney Quiz

Disney Lyrics VI Quiz Stats

Quiz not verified by Sporcle

Challenge
Share
Tweet
Embed
Score 0/167 Timer 08:00
0 Plays Today
% Correct
the
96.4%
the
96.4%
the
96.4%
a
96.4%
the
96.4%
the
96.4%
and
96.4%
a
96.4%
and
96.4%
the
96.4%
the
96.4%
you
92.7%
I
88.5%
I
88.5%
I
88.5%
I
88.5%
I
88.5%
I
88.5%
I
88.5%
I
88.5%
in
85.5%
be
84.8%
be
84.8%
be
84.8%
of
81.8%
of
81.8%
of
81.8%
of
81.8%
of
81.8%
to
81.2%
to
81.2%
to
81.2%
to
81.2%
on
80%
on
80%
on
80%
are
77.6%
your
77.6%
are
77.6%
see
76.4%
see
76.4%
it
75.8%
it
75.8%
for
75.2%
that
75.2%
that
75.2%
that
75.2%
that
75.2%
where
74.5%
where
74.5%
where
74.5%
where
74.5%
What
74.5%
What
74.5%
what
74.5%
wanna
73.3%
% Correct
wanna
73.3%
wanna
73.3%
my
73.3%
my
73.3%
they
72.7%
they
72.7%
they
72.7%
they
72.7%
world
71.5%
world
71.5%
know
70.9%
know
70.9%
love
70.9%
love
70.9%
could
70.3%
could
70.3%
could
70.3%
'em
69.7%
don't
69.7%
Part
69.7%
don't
69.7%
'em
69.7%
part
69.7%
if
69.1%
Up
68.5%
Up
68.5%
up
68.5%
up
68.5%
people
67.9%
get
67.9%
walk
67.9%
would
67.9%
would
67.9%
people
67.9%
get
67.9%
feet
67.3%
too
67.3%
why
66.7%
dancing
66.1%
dancing
66.1%
Bet
66.1%
their
66.1%
Oh
65.5%
all
65.5%
give
65.5%
what do you call them
64.8%
those
64.2%
sun
64.2%
day
64.2%
they
64.2%
does
64.2%
Walking
63.6%
Wish
63.6%
Wish
63.6%
what's
63%
out
63%
% Correct
What's
63%
what's
63%
out
63%
far
62.4%
run
62.4%
fins
61.8%
Legs
61.8%
word
61.8%
land
61.8%
some
61.8%
word
61.8%
around
61.2%
sand?
61.2%
daughters
61.2%
Street
60.6%
stay
60.6%
these
60.6%
spend
60.6%
fire
60.6%
Flipping
60%
jumping
60%
down
60%
women
60%
sick
60%
swimming
60%
ready
60%
ready
60%
Burn?
60%
required
59.4%
waters?
58.8%
young
58.8%
answers
58.8%
understand
58.2%
Bright
58.2%
stand
58.2%
sea
58.2%
warm
57.6%
ask
57.6%
questions
57.6%
strolling
57%
free
57%
again?
56.4%
reprimand
56.4%
above
56.4%
along
55.2%
When's
55.2%
turn?
55.2%
explore
55.2%
pay
54.5%
Wouldn't
54.5%
day
54.5%
Bet'cha
53.3%
Wandering
52.7%
live
52.1%
shore
51.5%

You're not logged in!

Compare scores with friends on all Sporcle quizzes.
Sign Up with Email
OR
Log In

You Might Also Like...

Show Comments

Extras

Top Quizzes Today


Score Distribution

Your Account Isn't Verified!

In order to create a playlist on Sporcle, you need to verify the email address you used during registration. Go to your Sporcle Settings to finish the process.